Welcome to CU Library Online Public Access Catalogue (OPAC)

Duncan and Neill on defamation and other media and communications claims / Richard Rampton, Heather Rogers, Timothy Atkinson, Aidan Eardley. (Record no. 9226)

MARC details
000 -LEADER
fixed length control field 01217cam a2200313 i 4500
001 - CONTROL NUMBER
control field 21876300
005 - DATE AND TIME OF LATEST TRANSACTION
control field 20260416122227.0
008 - FIXED-LENGTH DATA ELEMENTS--GENERAL INFORMATION
fixed length control field 200206s2020 enk 001 0 eng d
020 ## - INTERNATIONAL STANDARD BOOK NUMBER
International Standard Book Number 9781474317221
Qualifying information (hardcover)
020 ## - INTERNATIONAL STANDARD BOOK NUMBER
International Standard Book Number 1474317227
Qualifying information (hardcover)
050 00 - LIBRARY OF CONGRESS CALL NUMBER
Classification number KNS943
Item number .91
082 04 - DEWEY DECIMAL CLASSIFICATION NUMBER
Classification number 345.420256
Edition information 23
100 1# - MAIN ENTRY--PERSONAL NAME
Personal name Rampton, Richard,
Relator term author.
245 10 - TITLE STATEMENT
Title Duncan and Neill on defamation and other media and communications claims / Richard Rampton, Heather Rogers, Timothy Atkinson, Aidan Eardley.
250 ## - EDITION STATEMENT
Edition statement Fifth edition.
260 ## - PUBLICATION, DISTRIBUTION, ETC.
Place of publication, distribution, etc. UK
Name of publisher, distributor, etc. Lexis Nexis
Date of publication, distribution, etc. c2020
300 ## - PHYSICAL DESCRIPTION
Extent lxxiv, 589 pages ;
Dimensions 25 cm
Other physical details illustrations
500 ## - GENERAL NOTE
General note Includes index.
500 ## - GENERAL NOTE
General note Previous edition: published as by Rt. Hon. Sir Brian Neill, Richard Rampton, Heather Rogers, Timothy Atkinson, Aidan Eardley. London: LexisNexis, 2015.
500 ## - GENERAL NOTE
General note includes index
650 #0 - SUBJECT ADDED ENTRY--TOPICAL TERM
Topical term or geographic name entry element Libel and slander
Geographic subdivision England.
650 #0 - SUBJECT ADDED ENTRY--TOPICAL TERM
Topical term or geographic name entry element Libel and slander
Geographic subdivision Wales.
700 1# - ADDED ENTRY--PERSONAL NAME
Personal name Rogers, Heather,
Relator term author.
700 1# - ADDED ENTRY--PERSONAL NAME
Personal name Atkinson, Timothy
Titles and other words associated with a name (Barrister),
Relator term author.
700 1# - ADDED ENTRY--PERSONAL NAME
Personal name Eardley, Aidan,
Relator term author.
700 1# - ADDED ENTRY--PERSONAL NAME
Personal name Duncan, Colin.
Title of a work Defamation.
700 1# - ADDED ENTRY--PERSONAL NAME
Personal name Neill, Brian.
Title of a work Duncan and Neill on defamation.
942 ## - ADDED ENTRY ELEMENTS (KOHA)
Source of classification or shelving scheme Library of Congress Classification
Koha item type Books
Suppress in OPAC No
999 ## -
-- 9226
-- 9226
Holdings
Withdrawn status Lost status Source of classification or shelving scheme Damaged status Not for loan Collection Home library Current library Shelving location Date acquired Total checkouts Full call number Barcode Date last seen Copy number Price effective from Koha item type
    Library of Congress Classification     Non-fiction Law Library (Kumasi) Law Library (Kumasi) General stacks 04/16/2026   KNS943.D91 DUN llk00000160 04/16/2026 1 04/16/2026 Books
© 2023-2024 Copyright: Central University Libraries. All Rights Reserved | Created by: Mahone Tech Office